| 000 | 00713nam a2200229Ia 4500 | ||
|---|---|---|---|
| 005 | 20250507130106.0 | ||
| 008 | 008 250505s9999 xx 000 0 eng d | ||
| 020 | _a0-231-11842-2 | ||
| 037 | _aBound Volumes | ||
| 040 |
_aEASL _beng _cEASL |
||
| 041 |
_aeng _2eng |
||
| 084 |
_aV42.K1<-F9, P1 _qEASL |
||
| 100 | _aSouyri Pierre Francois | ||
| 245 | 0 | _aWorld turned upside down: Medieval Japanese society | |
| 260 |
_aUSA _bNew York Columbia University press U.S.A _c1893 |
||
| 300 | _axxiv,280P. | ||
| 490 |
_aAsia Perspectives _vJEL |
||
| 650 |
_aJEL; Japan - History _9754962 |
||
| 700 |
_aRoth Kathe Tr. _9141207 |
||
| 942 |
_cCR _hV42.K1<-F9, P1 |
||
| 999 |
_c1317642 _d1317642 |
||